000 00628nam a22001695i 4500
001 166801
003 ES-MaACL
005 20230906213414.0
008 031010s1886 cl f |||| | spa d
040 _aCCPB | B
_bspa
_cCCPB | B
100 1 _aUribe y Orrego, Luis.
_9133456
245 1 4 _aLos combates navales en la Guerra del Pacífico
_b: 1879-1881 /
_cpor Luis Uribe y Orrego.
260 _aValparaiso :
_b[s.n.],
_c1886 (
_fimprenta de "La Patria")
300 _a200 p., [8] h. de grab. ;
_c22 cm.
650 4 _aGuerra del Pacífico, 1879-1881-
_xOperaciones navales.
_9136207
852 _aES-MaACL
_jG-6708
_z-- Enc. pasta
999 _c166801
_d166801